| 000 | 00446nam a22001697a 4500 | ||
|---|---|---|---|
| 003 | CEME | ||
| 005 | 20210628203143.0 | ||
| 008 | 210202b xxu||||| |||| 00| 0 eng d | ||
| 020 | _a0471719951 | ||
| 040 | _c. | ||
| 082 | _a940.2745 ADA | ||
| 100 |
_aAdams, Max _963659 |
||
| 245 | _aTrafalgar's lost hero , admiral lord collingwood and the defeat of nepoleon | ||
| 260 |
_aUSA _bJOHN WILEY & SONS _c2005 |
||
| 300 | _a328P | ||
| 942 |
_cBK _2ddc |
||
| 999 |
_c572408 _d572408 |
||